Normal view
MARC view
Entry Personal Name
001 - CONTROL NUMBER
- control field: 22845
003 - CONTROL NUMBER IDENTIFIER
- control field: ARRUPE
005 - DATE AND TIME OF LATEST TRANSACTION
- control field: 20160309100601.0
008 - FIXED-LENGTH DATA ELEMENTS
- fixed length control field: 160309|| aca||aabn | a|a d
040 ## - CATALOGING SOURCE
- Original cataloging agency: ARRUPE
- Transcribing agency: ARRUPE
100 ## - HEADING--PERSONAL NAME
- Personal name: Breton, André,
- Dates associated with a name: 1896-1966.
- Title of a work: Nadja.
670 ## - SOURCE DATA FOUND
- Source citation: Work cat.: (ARRUPE)0: Jouanny, Robert A. 22844, "Nadja", André Breton, , 1972.